[Event "CRI-ch"]
[Site "Costa Rica"]
[Date "1997.??.??"]
[Round "15"]
[White "Charpentier Morales, William"]
[Black "Murillo Tsijli, Alexis"]
[Result "0-1"]
[WhiteElo "2195"]
[BlackElo "2250"]
[PlyCount "98"]
[EventDate "1997.??.??"]
[EventType "tourn"]
[EventRounds "19"]
[EventCountry "CRI"]
[SourceTitle "EXT 1999"]
[Source "ChessBase"]
[SourceDate "1998.11.16"]
[SourceVersion "1"]
[SourceVersionDate "1998.11.16"]
[SourceQuality "1"]

1. e4 e6 2. d4 d5 3. e5 Bd7 4. c3 a6 5. a4 c5 6. Bd3 cxd4 7. cxd4 Nc6 8. Nf3 Nb4 9. Nc3 Nxd3+ 10. Qxd3 Ne7 11. 0-0 Nc6 12. Ne1 Qb6 13. Nc2 Rc8 14. Rd1 Nb4 15. Nxb4 Qxb4 16. Qg3 Qb3 17. Bf4 Qxb2 18. Rdc1 Qb6 19. Rab1 Qxd4 20. Rxb7 Ba3 21. Qxg7 Rf8 22. Bh6 Rxc3 23. Rb8+ Bc8 24. Rcb1 Qe4 25. h3 Qg6 26. Qxg6 hxg6 27. Bxf8 Bxf8 28. Ra8 Rc7 29. Kf1 Kd7 30. a5 Bc5 31. Rab8 Ba7 32. R8b3 Kd8 33. h4 Bd7 34. g4 Bb5+ 35. Kg2 Ke7 36. h5 g5 37. Rh3 Bd4 38. Re1 Rc2 39. h6 Bxf2 40. Rc1 Rxc1 41. Kxf2 Rc2+ 42. Ke1 Rc8 43. Kd2 f6 44. h7 Rh8 45. exf6+ Kxf6 46. Rh6+ Kf7 47. Ke3 e5 48. Rd6 Rxh7 49. Rxd5 Ke6 0-1